| 000 | 00440pab a2200169 454500 | ||
|---|---|---|---|
| 008 | 180718b2011 xxu||||| |||| 00| 0 eng d | ||
| 100 | _aHavnes, Tarjei | ||
| 245 | _aNo child left behind: Subsidized child care and children's long-run outcomes | ||
| 260 | _c2011 | ||
| 300 | _ap.97-129. | ||
| 362 | _aMay | ||
| 650 | _aChild welfare | ||
| 700 | _aMogstad, Magne | ||
| 773 | _aAmerican Economic Review | ||
| 908 | _aN | ||
| 909 | _a92398 | ||
| 999 |
_c92398 _d92398 |
||